[Event "Cologne Longerich op-B 12th"]
[Site "Cologne"]
[Date "2013.07.22"]
[Round "4"]
[White "Margenberg, Volker"]
[Black "Schroeter, Sophie"]
[Result "1-0"]
[WhiteElo "1625"]
[BlackElo "988"]
[PlyCount "114"]
[EventDate "2013.07.19"]
[EventType "tourn"]
[EventRounds "5"]
[EventCountry "GER"]
[SourceTitle "EXT 2017"]
[Source "ChessBase"]
[SourceDate "2016.10.25"]
[SourceVersion "1"]
[SourceVersionDate "2016.10.25"]
[SourceQuality "1"]

1. d4 d5 2. c4 dxc4 3. Nf3 Nf6 4. e3 Be6 5. Nc3 g6 6. Ng5 Qd6 7. Nxe6 Qxe6 8. Qa4+ Nc6 9. Bxc4 Qd6 10. Qb3 Qb4 11. Bxf7+ Kd8 12. Qd1 Ne4 13. Qc2 Nxc3 14. bxc3 Qd6 15. Bc4 Bg7 16. 0-0 Kd7 17. a4 Rad8 18. Ba3 Qf6 19. Bb5 Kc8 20. Bxc6 Qxc6 21. Bxe7 Rd7 22. Bh4 Re8 23. Bg3 Qc4 24. Rfb1 b6 25. a5 Re6 26. axb6 axb6 27. Ra4 Qc6 28. Rba1 Kd8 29. c4 Ke7 30. d5 Rxd5 31. Rc1 Ra5 32. Rxa5 bxa5 33. Qa2 Qa6 34. Bxc7 Be5 35. Qxa5 Qxa5 36. Bxa5 Rc6 37. f4 Bb2 38. Rc2 Ba3 39. Kf2 Ke6 40. g4 Bc5 41. Kf3 Kf6 42. Bc3+ Ke6 43. Bd4 h6 44. h4 h5 45. g5 Kf5 46. Rd2 Bxd4 47. Rxd4 Ke6 48. Ke4 Rc5 49. Kd3 Kf5 50. Rd5+ Rxd5+ 51. cxd5 Kg4 52. d6 Kxh4 53. d7 Kg3 54. d8Q h4 55. Qf6 h3 56. Qxg6 h2 57. Qh5 Kg2 1-0

[Event "GER-chT U14 Girls"]
[Site "Arendsee"]
[Date "2011.12.28"]
[Round "4.3"]
[White "Schroeter, Sophie"]
[Black "Schroedter, Lisa"]
[Result "0-1"]
[WhiteElo "1065"]
[BlackElo "1104"]
[PlyCount "104"]
[EventDate "2011.12.27"]
[EventType "team-swiss"]
[EventRounds "7"]
[EventCountry "GER"]
[SourceTitle "EXT 2022"]
[Source "ChessBase"]
[SourceDate "2021.10.06"]
[SourceVersion "1"]
[SourceVersionDate "2021.10.06"]
[SourceQuality "1"]
[WhiteTeam "Porz SG U14 Girls"]
[BlackTeam "Paderborn U14 Girls"]
[WhiteTeamCountry "GER"]
[BlackTeamCountry "GER"]

1. e4 e5 2. Nf3 Nc6 3. Nc3 Bc5 4. Bc4 Nf6 5. h3 d6 6. d3 h6 7. Be3 Nd4 8. Nd5 c6 9. Nxf6+ Qxf6 10. c3 Nxf3+ 11. Qxf3 Qxf3 12. gxf3 b5 13. Bb3 Bxe3 14. fxe3 Rg8 15. Ke2 Rb8 16. a3 Ba6 17. d4 b4+ 18. Kd2 c5 19. cxb4 cxb4 20. axb4 Rxb4 21. Kc3 Rb6 22. d5 Ke7 23. Rhg1 g5 24. Ra4 Rc8+ 25. Bc4 Bxc4 26. Rxc4 Rxc4+ 27. Kxc4 Rxb2 28. h4 gxh4 29. f4 f6 30. f5 h3 31. Kc3 Rg2 32. Rh1 h2 33. Kd3 a5 34. Kc4 Kd7 35. Kb5 Ra2 36. Re1 Kc7 37. Rh1 a4 38. Kb4 Kb6 39. Re1 a3 40. Kb3 Rg2 41. Rh1 a2 42. Rc1 Rg1 43. Rc6+ Kb5 44. Kxa2 h1Q 45. Rxd6 Rb1 46. Rd8 Kc5 47. Rc8+ Kd6 48. Rc6+ Kd7 49. Rxf6 Qxe4 50. Rf7+ Ke8 51. Ra7 Qc2+ 52. Ka3 Qb3# 0-1